Ricostruisci la Carriera del Calciatore - Riccardo Sottil - Statistics

Statistiche generali
  • Questo quiz è stato fatto 4 volte
  • Il punteggio medio è 2 su 5
Statistiche sulle risposte
Hint Risposta % Corretto
2021- Fiorentina
75%
2018-2019 Fiorentina
25%
2019-2020 Fiorentina
25%
2019 Pescara
25%
2020-2021 Cagliari
0%
Nessun quiz corrispondente trovato
Distribuzione punteggi
Percentuale di utenti per punteggio
Percentile per numero di risposta
I tuoi punteggi nel tempo
Non hai fatto questo quiz